• 首页
  • 本馆介绍
  • 公告通知
  • 最新文献
  • 馆藏检索
  • 电子资源
  • 读者导购
  • 参考咨询
  • 我的图书馆
  • 登录
  • 详细信息显示
  • 放入我的书架
  • 预约/预借图书
  • 作者相关作品
  • 分类相关作品
  • 丛书相关作品
  • 出版社相关作品

书目信息

  • 表格格式
  • 工作单格式
  • 卡片格式
题名:
西餐酱汁圣经
    
 
作者: 阿特金森 , 法郎士 , 梅休 著 ;丛龙岩 译
分册:  
出版信息: 北京   中国轻工业出版社  2017
页数: 505页, [3] 页图版
开本: 29cm
丛书名:
单 册:
中图分类: TS264.2
科图分类:
主题词: 西式菜肴--xi shi cai yao--调味酱--制作
电子资源:
ISBN: 978-7-5184-1424-6
000 01410nam0 2200325 450
001 012001005255
005 20131111154351.0
010    @a978-7-5184-1424-6@dCNY258.00
099    @aCAL 012018062054
100    @a20180527d2017 em y0chiy50 ea
101 1  @achi@ceng
102    @aCN@b110000
105    @aaf z 000yy
106    @ar
200 1  @a西餐酱汁圣经@Axi can jiang zhi sheng jing@d= The encyclopedia of sauces pickles and preserves@f(英) 凯瑟琳·阿特金森, 克里斯汀·法郎士, 玛吉·梅休著@g丛龙岩译@zeng
210    @a北京@c中国轻工业出版社@d2017
215    @a505页, [3] 页图版@c彩图@d29cm
306    @a本书中文简体字版由北京中世汇桥文化传媒有限公司安排引进
312    @a英文题名原文取自版权页
330    @a本书主要介绍了西餐中较为常用的、普遍的基本酱汁, 列出了调味酱的成分、制作工具、制作技巧等。本书通过图片来解说如何制作调味酱, 是一本很好的工具用书, 非常适合作为西餐厨师自学用书以及西餐专业师生的参考教材。
500 10 @a400 sauces@A400 sauces@mChinese
510 1  @aEncyclopedia of sauces pickles and preserves@zeng
606 0  @a西式菜肴@Axi shi cai yao@x调味酱@x制作
690    @aTS264.2@v5
701  1 @a阿特金森@Aa te jin sen@g(Atkinson, Catherine)@4著
701  1 @a法郎士@Afa lang shi@g(France, Christine)@4著
701  1 @a梅休@Amei xiu@g(Mayhew, Maggie)@4著
702  0 @a丛龙岩@Acong long yan@4译
801  2 @aCN@b江苏凤凰@c20191020
905    @b1213115-6@dTS264.2@e356@f2
    
    西餐酱汁圣经= The encyclopedia of sauces pickles and preserves/(英) 凯瑟琳·阿特金森, 克里斯汀·法郎士, 玛吉·梅休著/丛龙岩译.-北京:中国轻工业出版社,2017
    505页, [3] 页图版:彩图;29cm
    
    
    ISBN 978-7-5184-1424-6:CNY258.00
    本书主要介绍了西餐中较为常用的、普遍的基本酱汁, 列出了调味酱的成分、制作工具、制作技巧等。本书通过图片来解说如何制作调味酱, 是一本很好的工具用书, 非常适合作为西餐厨师自学用书以及西餐专业师生的参考教材。
●
相关链接 在E读中查询图书 在五车中查询图书 在当当中查询图书 在豆瓣中查询图书


正题名:西餐酱汁圣经     索取号:TS264.2/356         预约/预借

序号 登录号 条形码 馆藏地/架位号 状态 备注
1 1213115   212131156   第二样本阅览室/ [索取号:TS264.2/356] 在馆    
2 1213116   212131165   第三借阅区/ [索取号:TS264.2/356] 在馆    
唐山师范学院图书馆 欢迎您!
大连网信软件有限公司© 版权所有